[Event "Olympiad Women-44"]
[Site "Chennai"]
[Date "2022.08.05"]
[Round "7.4"]
[White "Lanchava, Tea"]
[Black "Buksa, Nataliya"]
[Result "0-1"]
[WhiteElo "2257"]
[BlackElo "2401"]
[PlyCount "112"]
[EventDate "2022.07.29"]
[EventType "team-swiss"]
[EventRounds "11"]
[EventCountry "IND"]
[SourceTitle "CBM 210"]
[Source "ChessBase"]
[SourceDate "2022.10.31"]
[SourceVersion "1"]
[SourceVersionDate "2022.10.31"]
[SourceQuality "1"]
[WhiteTeam "Netherlands (W)"]
[BlackTeam "Ukraine (W)"]
[WhiteTeamCountry "NED"]
[BlackTeamCountry "UKR"]

1. c4 e6 2. Nf3 d5 3. e3 Nf6 4. b3 c5 5. Bb2 Nc6 6. cxd5 exd5 7. Bb5 Bd6 8. 0-0 0-0 9. d4 cxd4 10. Nxd4 Bc7 11. Nd2 Nxd4 12. Bxd4 Qd6 13. g3 Ba5 14. a3 Bh3 15. Re1 Bxd2 16. Qxd2 Ne4 17. Qe2 Qe6 18. Bd3 Rac8 19. b4 a6 20. a4 Ng5 21. f3 Bf5 22. Rf1 Qg6 23. Rad1 h5 24. h4 Ne6 25. Be5 f6 26. Bxf5 Qxf5 27. Ba1 Rc4 28. e4 Qh3 29. exd5 Qxg3+ 30. Qg2 Qxg2+ 31. Kxg2 Nf4+ 32. Kf2 Rd8 33. d6 Rc6 34. d7 Rc7 35. Rd4 Ne6 36. Rd6 Nf8 37. Rd5 Rdxd7 38. Rxh5 Rc4 39. Rg1 Kf7 40. Rg4 Rc2+ 41. Ke3 Ra2 42. Bc3 Rxa4 43. Rc5 Ra3 44. Rc8 Ne6 45. Rgc4 b5 46. R4c6 a5 47. Kf2 axb4 48. Bxb4 Rb3 49. Be1 Nd4 50. Rc3 Rb2+ 51. Kf1 Ne6 52. Re3 Nf4 53. Rc1 Rh2 54. Rcc3 Rd1 55. Rb3 Nh3 56. Rxb5 Rf2# 0-1

[Event "Olympiad Women-44"]
[Site "Chennai"]
[Date "2022.08.03"]
[Round "6.4"]
[White "Navrotescu, Andreea Cristiana"]
[Black "Lanchava, Tea"]
[Result "0-1"]
[WhiteElo "2373"]
[BlackElo "2257"]
[PlyCount "138"]
[EventDate "2022.07.29"]
[EventType "team-swiss"]
[EventRounds "11"]
[EventCountry "IND"]
[SourceTitle "CBM 210"]
[Source "ChessBase"]
[SourceDate "2022.10.31"]
[SourceVersion "1"]
[SourceVersionDate "2022.10.31"]
[SourceQuality "1"]
[WhiteTeam "France (W)"]
[BlackTeam "Netherlands (W)"]
[WhiteTeamCountry "FRA"]
[BlackTeamCountry "NED"]

1. c4 g6 2. d4 Bg7 3. e4 d6 4. Nc3 Nd7 5. Nf3 c6 6. Be2 e5 7. d5 c5 8. g4 f6 9. h4 Nh6 10. g5 Nf7 11. gxf6 Nxf6 12. Ng5 Qe7 13. Be3 Bd7 14. Rg1 a6 15. h5 Bf8 16. Qb3 Rb8 17. 0-0-0 gxh5 18. Ne6 Ng4 19. Nc7+ Kd8 20. Nxa6 Kc8 21. Nxb8 Kxb8 22. Bxg4 hxg4 23. Nb5 h5 24. Qa4 Bxb5 25. cxb5 Qc7 26. Rd3 Qb6 27. Qc4 Be7 28. a4 Bg5 29. Kc2 Bxe3 30. Rxe3 Ng5 31. a5 Qxa5 32. Ra3 Qb4 33. Qxb4 cxb4 34. Ra4 Kc7 35. Rxb4 Kb6 36. Kd3 Rf8 37. Rc4 Rxf2 38. Rc8 Rf3+ 39. Ke2 Nxe4 40. Rh8 Rb3 41. Rd1 Kxb5 42. Rd3 Rxb2+ 43. Ke3 Ng3 44. Rd1 h4 45. Rg8 Rb4 46. Kf2 Nf5 47. Rg5 Rb2+ 48. Kg1 Ne3 49. Re1 Rg2+ 50. Kh1 Rg3 51. Rg7 b6 52. Rc7 Nxd5 53. Rb1+ Nb4 54. Rh7 h3 55. Kh2 Rg2+ 56. Kh1 Rd2 57. Rg7 Rd4 58. Kh2 Kc4 59. Kg3 b5 60. Rxg4 Rxg4+ 61. Kxg4 Nd3 62. Kxh3 b4 63. Kg3 e4 64. Kg2 b3 65. Kf1 Kc3 66. Ke2 Kc2 67. Rd1 b2 68. Rd2+ Kc3 69. Rd1 Nc1+ 0-1

[Event "World Corporate East F"]
[Site "Chess.com INT"]
[Date "2021.02.20"]
[Round "5.1"]
[White "Lanchava, Tea"]
[Black "Batchuluun, Tsegmed"]
[Result "0-1"]
[WhiteElo "2214"]
[BlackElo "2536"]
[PlyCount "68"]
[EventDate "2021.02.19"]
[EventType "team (rapid)"]
[EventRounds "7"]
[EventCountry "USA"]
[SourceTitle "EXT 2022"]
[Source "ChessBase"]
[SourceDate "2021.10.06"]
[SourceVersion "1"]
[SourceVersionDate "2021.10.06"]
[SourceQuality "1"]
[WhiteTeam "The Hague European Patent Office"]
[BlackTeam "State Bank of Mongolia"]
[WhiteTeamCountry "NED"]
[BlackTeamCountry "MGL"]

1. c4 e5 2. Nc3 Nf6 3. g3 d5 4. cxd5 Nxd5 5. Bg2 Nb6 6. Nf3 Nc6 7. 0-0 Be7 8. a3 0-0 9. b4 Be6 10. Rb1 f6 11. d3 a5 12. b5 Nd4 13. Nxd4 exd4 14. Ne4 f5 15. Nd2 Nd5 16. Bb2 Nc3 17. Bxc3 dxc3 18. Nb3 a4 19. Na1 Bxa3 20. Bxb7 Bb2 21. Bxa8 Qxa8 22. Qc2 a3 23. e4 f4 24. f3 fxg3 25. hxg3 Qa5 26. f4 Qxb5 27. f5 Bf7 28. Rbe1 Rd8 29. e5 Rxd3 30. e6 Be8 31. f6 gxf6 32. Qf2 Qg5 33. Kh2 Bc6 34. Rh1 Qh5+ 0-1

[Event "World Corporate East F"]
[Site "Chess.com INT"]
[Date "2021.02.19"]
[Round "1.7"]
[White "Manini, Paolo"]
[Black "Lanchava, Tea"]
[Result "0-1"]
[WhiteElo "1727"]
[BlackElo "2214"]
[PlyCount "52"]
[EventDate "2021.02.19"]
[EventType "team (rapid)"]
[EventRounds "7"]
[EventCountry "USA"]
[SourceTitle "EXT 2022"]
[Source "ChessBase"]
[SourceDate "2021.10.06"]
[SourceVersion "1"]
[SourceVersionDate "2021.10.06"]
[SourceQuality "1"]
[WhiteTeam "Saes Getters Spa"]
[BlackTeam "The Hague European Patent Office"]
[WhiteTeamCountry "ITA"]
[BlackTeamCountry "NED"]

1. d4 d6 2. c4 g6 3. Nc3 Bg7 4. e4 Nd7 5. Nf3 c6 6. Be2 e5 7. Be3 Nh6 8. h3 f6 9. Qd2 Nf7 10. d5 c5 11. 0-0 0-0 12. a3 f5 13. exf5 gxf5 14. Bg5 Nf6 15. Rac1 e4 16. Nh2 Nxg5 17. Qxg5 h6 18. Qg6 Bd7 19. b4 b6 20. Nb5 Qe7 21. Rfe1 a6 22. Nc3 Nh7 23. Nd1 Kh8 24. Ne3 Rf6 25. Qh5 f4 26. Nf5 Rxf5 0-1

[Event "EU-chT (Women) 22nd"]
[Site "Batumi"]
[Date "2019.10.27"]
[Round "4.10"]
[White "Novkovic, Julia"]
[Black "Lanchava, Tea"]
[Result "1-0"]
[WhiteElo "2146"]
[BlackElo "2236"]
[PlyCount "69"]
[EventDate "2019.10.24"]
[EventType "team-swiss"]
[EventRounds "9"]
[EventCountry "GEO"]
[SourceTitle "CBM 192 Extra"]
[Source "Chessbase"]
[SourceDate "2019.11.06"]
[SourceVersion "1"]
[SourceVersionDate "2019.11.06"]
[SourceQuality "1"]
[WhiteTeam "Austria (W)"]
[BlackTeam "Netherlands (W)"]
[WhiteTeamCountry "AUT"]
[BlackTeamCountry "NED"]

1. e4 g6 2. d4 Bg7 3. h3 d6 4. Nf3 Nf6 5. Nc3 0-0 6. Bd3 Nbd7 7. e5 Ne8 8. Qe2 dxe5 9. dxe5 Nc5 10. Bc4 c6 11. 0-0 b5 12. Be3 Nb7 13. Bb3 Qc7 14. Rfe1 e6 15. Qd2 a6 16. a4 b4 17. Ne4 c5 18. Bh6 f5 19. exf6 Nxf6 20. Bxg7 Kxg7 21. Nxf6 Rxf6 22. Ne5 Rf5 23. Ng4 c4 24. Qd4+ e5 25. Nxe5 Qc5 26. Qxc5 Nxc5 27. Bxc4 Bb7 28. Nd3 Rb8 29. Re7+ Kh6 30. g4 Nxd3 31. gxf5 Nf4 32. f6 Nxh3+ 33. Kh2 Nxf2 34. f7 Ng4+ 35. Kg3 1-0

[Event "NED-ch (Women)"]
[Site "Amsterdam"]
[Date "2019.07.02"]
[Round "2"]
[White "Lanchava, Tea"]
[Black "Kazarian, Anna Maja"]
[Result "0-1"]
[WhiteElo "2315"]
[BlackElo "2142"]
[PlyCount "92"]
[EventDate "2019.07.01"]
[EventType "tourn"]
[EventRounds "7"]
[EventCountry "NED"]
[SourceTitle "CBM 191 Extra"]
[Source "ChessBase"]
[SourceDate "2019.09.30"]
[SourceVersion "1"]
[SourceVersionDate "2019.09.30"]
[SourceQuality "1"]

1. Nf3 d5 2. e3 c5 3. b3 Nc6 4. Bb2 Bg4 5. Bb5 Qb6 6. c4 a6 7. Bxc6+ Qxc6 8. h3 Bh5 9. g4 Bg6 10. Ne5 Qd6 11. Qf3 e6 12. d4 cxd4 13. Bxd4 Nf6 14. Nd2 Qc7 15. 0-0 Ne4 16. Qe2 Nxd2 17. Qxd2 dxc4 18. Rac1 Rd8 19. Qb2 f6 20. Nxc4 Qf7 21. Bb6 Ra8 22. Qd4 e5 23. Nd6+ Bxd6 24. Qxd6 Qd7 25. Qxd7+ Kxd7 26. Rc7+ Ke6 27. f4 Bd3 28. Rfc1 g6 29. Rxb7 Rac8 30. Bc7 h5 31. Rb6+ Kd5 32. g5 fxg5 33. fxe5 Rh7 34. Rbc6 Ke4 35. e6 g4 36. hxg4 hxg4 37. Kg2 Re7 38. Kg3 Bb5 39. R6c3 Rxe6 40. Kxg4 Be2+ 41. Kg3 Rf8 42. Bf4 g5 43. Bxg5 Rg6 44. Rc5 Rfg8 45. Kh4 Kf3 46. Bf6 Rh6+ 0-1

[Event "Hilversum op"]
[Site "Hilversum"]
[Date "2019.06.23"]
[Round "5"]
[White "Lanchava, Tea"]
[Black "Burg, Twan"]
[Result "0-1"]
[WhiteElo "2314"]
[BlackElo "2523"]
[PlyCount "86"]
[EventDate "2019.06.21"]
[EventType "swiss"]
[EventRounds "6"]
[EventCountry "NED"]
[SourceTitle "CBM 191 Extra"]
[Source "ChessBase"]
[SourceDate "2019.09.30"]
[SourceVersion "1"]
[SourceVersionDate "2019.09.30"]
[SourceQuality "1"]

1. c4 e5 2. g3 Nf6 3. Bg2 d5 4. cxd5 Nxd5 5. Nc3 Nb6 6. Nf3 Nc6 7. a3 Be7 8. b4 0-0 9. 0-0 Be6 10. b5 Nd4 11. Rb1 f6 12. Ne1 Qc8 13. e3 Nf5 14. Qc2 Nd6 15. a4 a5 16. Ne4 Nxe4 17. Bxe4 f5 18. Bg2 Nd5 19. f4 e4 20. d3 Nb4 21. Qc3 Bf6 22. d4 c5 23. bxc6 Ra6 24. Ba3 Rxc6 25. Qb2 Rc3 26. Bxb4 axb4 27. Qxb4 Rxe3 28. Kh1 Rc3 29. g4 Rf7 30. gxf5 Bxf5 31. d5 Rc4 32. Qb3 e3 33. d6 Bxb1 34. Qxb1 e2 35. Rg1 Bd4 36. Bd5 Bxg1 37. Qb5 Rcxf4 38. d7 Qd8 39. Qxb7 Bb6 40. Qc8 Rf1+ 41. Kg2 Rxe1 42. Bxf7+ Kf8 43. Kh3 Rg1 0-1

[Event "Hilversum op"]
[Site "Hilversum"]
[Date "2019.06.23"]
[Round "6"]
[White "Roebers, Jan"]
[Black "Lanchava, Tea"]
[Result "0-1"]
[WhiteElo "2097"]
[BlackElo "2314"]
[PlyCount "68"]
[EventDate "2019.06.21"]
[EventType "swiss"]
[EventRounds "6"]
[EventCountry "NED"]
[SourceTitle "CBM 191 Extra"]
[Source "ChessBase"]
[SourceDate "2019.09.30"]
[SourceVersion "1"]
[SourceVersionDate "2019.09.30"]
[SourceQuality "1"]

1. e4 c6 2. d4 g6 3. h3 Bg7 4. Nf3 d6 5. Be2 Nf6 6. Nc3 0-0 7. 0-0 Nbd7 8. e5 Ne8 9. Bg5 f6 10. exf6 exf6 11. Be3 d5 12. Qd2 g5 13. Nh2 Nd6 14. f4 h6 15. fxg5 hxg5 16. b3 Nf7 17. Bd3 Re8 18. Bg6 Re7 19. Ng4 Nh6 20. Nxh6+ Bxh6 21. h4 Rg7 22. Bd3 Qc7 23. Qe2 Qg3 24. Rf3 Qd6 25. Rf2 f5 26. hxg5 Bxg5 27. Rxf5 Bf6 28. Raf1 b5 29. Bh6 Bxd4+ 30. Kh1 Qxh6+ 31. Rh5 Qe3 32. Rh8+ Kxh8 33. Qh5+ Kg8 34. Nxd5 Qe5 0-1

[Event "Hilversum op"]
[Site "Hilversum"]
[Date "2019.06.21"]
[Round "1"]
[White "Lanchava, Tea"]
[Black "Manshanden, Nick"]
[Result "1-0"]
[WhiteElo "2314"]
[BlackElo "2010"]
[PlyCount "46"]
[EventDate "2019.06.21"]
[EventType "swiss"]
[EventRounds "6"]
[EventCountry "NED"]
[SourceTitle "CBM 191 Extra"]
[Source "ChessBase"]
[SourceDate "2019.09.30"]
[SourceVersion "1"]
[SourceVersionDate "2019.09.30"]
[SourceQuality "1"]

1. c4 Nf6 2. Nc3 e6 3. e4 Nc6 4. d4 Bb4 5. Bd3 d6 6. Nge2 0-0 7. 0-0 h6 8. Qc2 Bxc3 9. Qxc3 e5 10. d5 Ne7 11. f4 Ng6 12. f5 Ne7 13. Bc2 c6 14. Qg3 Kh8 15. Qh4 Neg8 16. Be3 cxd5 17. cxd5 Qa5 18. Bd3 Bd7 19. a4 Qb4 20. g4 Bxa4 21. g5 Nxd5 22. gxh6 g6 23. h7 Nxe3 1-0

[Event "NED-ch rapid (Women) 4th"]
[Site "Amstelveen"]
[Date "2018.11.18"]
[Round "2"]
[White "Lanchava, Tea"]
[Black "Muhren, Bianca"]
[Result "1-0"]
[WhiteElo "2314"]
[BlackElo "2243"]
[PlyCount "169"]
[EventDate "2018.11.18"]
[EventType "tourn (rapid)"]
[EventRounds "7"]
[EventCountry "NED"]
[SourceTitle "CBM 187 Extra"]
[Source "ChessBase"]
[SourceDate "2018.11.04"]
[SourceVersion "1"]
[SourceVersionDate "2018.11.04"]
[SourceQuality "1"]

1. c4 e5 2. g3 Nf6 3. Bg2 Bc5 4. Nc3 a6 5. Nf3 d6 6. 0-0 Nc6 7. e3 0-0 8. d4 Ba7 9. h3 h6 10. a3 exd4 11. exd4 Ne7 12. g4 Nxg4 13. hxg4 Bxg4 14. Qd3 c6 15. Nh2 Bh5 16. Be3 d5 17. Ne2 Bg6 18. Qc3 dxc4 19. Qxc4 Nd5 20. Bxd5 cxd5 21. Qb3 Rc8 22. Rac1 Bb8 23. Bf4 Bxf4 24. Nxf4 Be4 25. Rxc8 Qxc8 26. Qg3 Qc2 27. f3 Bf5 28. Rf2 Qd1+ 29. Kg2 Qxd4 30. Ng4 Kh7 31. Nh5 Bg6 32. Nf4 Bf5 33. Nh3 Rc8 34. Qf4 Qxf4 35. Nxf4 d4 36. Rd2 Rd8 37. Ne2 d3 38. Nc3 Re8 39. Nf2 Re3 40. Nce4 Re2 41. Rxd3 Rxb2 42. Rc3 b5 43. Nd6 Be6 44. Kg3 a5 45. Rc5 Rb3 46. Nxb5 Bd7 47. a4 Rb4 48. Rc7 Bxb5 49. axb5 Rxb5 50. Rxf7 a4 51. Ra7 Rb4 52. Ng4 h5 53. Nf6+ Kh6 54. Ne4 Rc4 55. Nd6 h4+ 56. Kh3 Rf4 57. Nf7+ Kh5 58. Ra5+ Kg6 59. Ne5+ Kf6 60. Ng4+ Ke6 61. Kg2 Kd6 62. Ra7 g5 63. Ra5 Kc6 64. Rxg5 Kb6 65. Rg8 Kb7 66. Re8 a3 67. Re2 Ra4 68. Ra2 Kc6 69. Ne5+ Kd5 70. Nd3 Kc4 71. Nc1 Kc3 72. Rf2 Ra8 73. f4 Rg8+ 74. Kh2 Rd8 75. f5 Rd1 76. Na2+ Kb3 77. f6 Rd8 78. Nc1+ Kc3 79. Kh3 Rh8 80. f7 Rf8 81. Kxh4 Kd4 82. Kg5 Ke5 83. Re2+ Kd6 84. Kf6 Rc8 85. Rd2+ 1-0

[Event "Olympiad Women-43"]
[Site "Batumi"]
[Date "2018.09.28"]
[Round "5.17"]
[White "Lanchava, Tea"]
[Black "Koljevic, Nikolina"]
[Result "1/2-1/2"]
[WhiteElo "2339"]
[BlackElo "1898"]
[PlyCount "108"]
[EventDate "2018.09.24"]
[EventType "team-swiss"]
[EventRounds "11"]
[EventCountry "GEO"]
[SourceTitle "EXT 2020"]
[Source "ChessBase"]
[SourceDate "2019.10.17"]
[SourceVersion "1"]
[SourceVersionDate "2019.10.17"]
[SourceQuality "1"]
[WhiteTeam "Netherlands (W)"]
[BlackTeam "Montenegro (W)"]
[WhiteTeamCountry "NED"]
[BlackTeamCountry "MNE"]

1. d4 d5 2. Nf3 e6 3. c4 c5 4. cxd5 exd5 5. g3 Nf6 6. Bg2 Be7 7. 0-0 0-0 8. Nc3 Nc6 9. Bg5 cxd4 10. Nxd4 h6 11. Be3 Bg4 12. Qa4 Ne5 13. Rad1 Nc4 14. Bc1 Nb6 15. Qb3 a5 16. Be3 a4 17. Qb5 Bd7 18. Qd3 Bb4 19. Nc2 Bxc3 20. bxc3 Re8 21. Rb1 Re6 22. Nd4 Re5 23. Bf4 Re8 24. Rb4 Bc6 25. Nb5 Bxb5 26. Rxb5 Rc8 27. Rfb1 Rc6 28. Qd4 Ree6 29. Qb4 Ne4 30. Bxe4 Rxe4 31. Qa5 Qa8 32. Qxa8+ Nxa8 33. Rxb7 Rec4 34. Rd7 Nb6 35. Rd8+ Kh7 36. Be3 Nc8 37. Bd4 Nd6 38. Be5 Ne4 39. Rb7 Re6 40. Rxd5 Nxc3 41. Ra5 Nxe2+ 42. Kf1 Re4 43. f4 f6 44. Raa7 fxe5 45. Rxg7+ Kh8 46. Rgf7 Rg6 47. f5 Nxg3+ 48. hxg3 Rxg3 49. Rf8+ Rg8 50. Rf6 Rf4+ 51. Ke2 Rg2+ 52. Ke3 Rg3+ 53. Ke2 Rg2+ 54. Ke3 Rg3+ 1/2-1/2

[Event "Olympiad Women-43"]
[Site "Batumi"]
[Date "2018.09.27"]
[Round "4.18"]
[White "Lanchava, Tea"]
[Black "Machlik, Monika"]
[Result "1-0"]
[WhiteElo "2339"]
[BlackElo "2059"]
[PlyCount "83"]
[EventDate "2018.09.24"]
[EventType "team-swiss"]
[EventRounds "11"]
[EventCountry "GEO"]
[SourceTitle "EXT 2020"]
[Source "ChessBase"]
[SourceDate "2019.10.17"]
[SourceVersion "1"]
[SourceVersionDate "2019.10.17"]
[SourceQuality "1"]
[WhiteTeam "Netherlands (W)"]
[BlackTeam "Norway (W)"]
[WhiteTeamCountry "NED"]
[BlackTeamCountry "NOR"]

1. c4 e5 2. Nc3 Nf6 3. g3 d5 4. cxd5 Nxd5 5. Bg2 Nb6 6. Nf3 Nc6 7. d3 Be7 8. a3 0-0 9. b4 Re8 10. Rb1 Bf8 11. 0-0 Nd4 12. Bb2 c6 13. Ne4 Bg4 14. Ned2 Nxf3+ 15. Nxf3 f6 16. h3 Be6 17. Bc3 Qd7 18. Kh2 Nc8 19. Qc2 Nd6 20. a4 Nf5 21. e3 Nd6 22. Rfd1 Bd5 23. e4 Bf7 24. d4 exd4 25. Nxd4 Qc7 26. Ba1 Rac8 27. Rbc1 Qb6 28. f4 Rcd8 29. e5 fxe5 30. fxe5 Nc8 31. e6 Bg6 32. Qb3 Be7 33. b5 c5 34. Ne2 Nd6 35. Nf4 c4 36. Qa2 Qc5 37. Nd5 Bf8 38. Bd4 Qc8 39. Nf4 Be7 40. Be5 Qa8 41. Nd5 Qb8 42. Rxc4 1-0

[Event "NED-ch (Women)"]
[Site "Amsterdam"]
[Date "2018.07.06"]
[Round "5"]
[White "Peng, Zhaoqin"]
[Black "Lanchava, Tea"]
[Result "1-0"]
[WhiteElo "2352"]
[BlackElo "2310"]
[PlyCount "145"]
[EventDate "2018.07.02"]
[EventType "tourn"]
[EventRounds "7"]
[EventCountry "NED"]
[EventCategory "1"]
[SourceTitle "CBM 186"]
[Source "ChessBase"]
[SourceDate "2018.09.14"]
[SourceVersion "1"]
[SourceVersionDate "2018.09.14"]
[SourceQuality "1"]

1. d4 d6 2. c4 Nf6 3. Nc3 Nbd7 4. e4 c6 5. Nf3 e5 6. Be2 g6 7. 0-0 Bg7 8. Be3 0-0 9. d5 c5 10. Nd2 h6 11. Qc2 Nh7 12. Kh1 a6 13. a3 f5 14. exf5 gxf5 15. f4 b6 16. Rae1 Qf6 17. fxe5 Nxe5 18. Nf3 Ng6 19. Bd3 Bd7 20. g4 Rae8 21. gxf5 Bxf5 22. Nd2 Bxd3 23. Qxd3 Nf4 24. Bxf4 Rxe1 25. Rxe1 Qxf4 26. Rf1 Qh4 27. Rxf8+ Nxf8 28. Nf3 Qf4 29. Ne2 Qf6 30. Ng3 Qxb2 31. Nf5 Qc1+ 32. Kg2 Qf4 33. Ne7+ Kf7 34. Qf5+ Qxf5 35. Nxf5 Nd7 36. Nxd6+ Kg6 37. a4 Bf8 38. Ne4 Kf5 39. Ng3+ Kf4 40. Kf2 Nf6 41. Ke2 h5 42. Nf1 Ne4 43. Nh4 Bd6 44. Ng2+ Kg4 45. Nge3+ Kg5 46. Kd3 Nf6 47. h3 Kf4 48. Ng2+ Kf3 49. Nh4+ Kf2 50. Nd2 Bb8 51. Ne4+ Nxe4 52. Kxe4 Kg3 53. Nf5+ Kxh3 54. Kf3 Kh2 55. d6 Kg1 56. d7 Bc7 57. Ng7 h4 58. Kg4 b5 59. Ne6 Ba5 60. axb5 axb5 61. cxb5 c4 62. d8Q Bxd8 63. Nxd8 c3 64. Ne6 Kh2 65. Nd4 h3 66. b6 Kg2 67. b7 h2 68. b8Q h1Q 69. Qg3+ Kf1 70. Qd3+ Kg1 71. Qe3+ Kg2 72. Qf3+ Kh2 73. Qg3# 1-0

[Event "NED-ch (Women)"]
[Site "Amsterdam"]
[Date "2018.07.05"]
[Round "4"]
[White "Lanchava, Tea"]
[Black "Keetman, Maaike"]
[Result "1-0"]
[WhiteElo "2310"]
[BlackElo "2151"]
[PlyCount "63"]
[EventDate "2018.07.02"]
[EventType "tourn"]
[EventRounds "7"]
[EventCountry "NED"]
[EventCategory "1"]
[SourceTitle "CBM 185 Extra"]
[Source "ChessBase"]
[SourceDate "2018.07.29"]
[SourceVersion "1"]
[SourceVersionDate "2018.07.29"]
[SourceQuality "1"]

1. c4 e5 2. Nc3 Nf6 3. g3 Bb4 4. Bg2 0-0 5. e3 Bxc3 6. bxc3 Re8 7. Ne2 c6 8. 0-0 d5 9. cxd5 cxd5 10. d3 Nc6 11. a4 Bf5 12. h3 h6 13. g4 Bh7 14. Ng3 Qc7 15. f4 exf4 16. exf4 d4 17. c4 Nb4 18. Ra3 Nd7 19. Kh2 f5 20. gxf5 Rf8 21. Be4 Nc5 22. Rg1 Kh8 23. Nh5 Rf7 24. Rg2 Re8 25. Qg1 Nxe4 26. dxe4 Rxe4 27. Rag3 Ree7 28. f6 Rd7 29. Rxg7 Rd8 30. Rxf7 Qxf7 31. Rg7 Qf8 32. Rxb7 1-0